000 00684nam a2200241 a 4500
001 11651
003 CO-ViMGA
008 141112s2004 ck r 000 u spa d
020 _a9589602002
040 _aCO-ViMGA
_bspa
_cCO-ViMGA
082 0 4 _aCo861.6 S15r5
100 1 _aSanchez Amaya, Esmeralda
_916254
245 1 0 _aLa restauracion :
_bpoemario
250 _a1
260 _aSantafé de Bogotá,
_ctalleres editoriales de graficas y papeles,
_c1996
300 _a537 p.
650 1 4 _aAGUA - POESIA
_916255
650 1 4 _aFUEGO - POESIA
_916256
650 1 4 _aPOESIA COLOMBIANA
_91069
650 1 4 _aTIERRA - POESIA
_98286
650 1 4 _aVIENTO - POESIA
_916257
942 _2ddc
_cBK
999 _c22836
_d22836